00943nam a2200181 i 4500001000700000003000900007005001700016007000300033008004100036100003700077245021200114260007300326300002000399505017700419852002400596999001900620952012200639103723ES-MaACL20230906183431.0t|051117s1913 sp ||||1| spa d1 aMerino Alvarez, Abelardo.98053410aGeografía económica b: estudio geográfico, industrial, mercantil y administrativo-militar de todas las regiones del globo excepto Berbería y la Península Ibérica / cpor Abelardo Merino Alvarez. aMadrid : b[s.n.], c1913 (fImp. del Cuerpo de Intendencia Militar) a2 v. ; c23 cm.8 aContiene: I.- Europa. Africa -- II.- Asia. América del Norte. América del Sur. Los restos del continente austral. Las pequeñas islas del Pacifico. Las tierras polares aES-MaACLjB-1211-12 c103723d103723 00104070aATENEOMbATENEOMcSPBd2008-01-17eSCl0oB-1211-12p1108294r2023-02-23 00:00:00w2023-02-23yMONOGRAFIA